000 00823nam a22002177a 4500
999 _c5518
_d5518
003 AR-CdUCM
008 190312b ||||| |||| 00| 0 spa d
040 _aMUNICIPALIDAD PROVINCIAL DEL CUSCO
_cBIBLIOTECA MUNICIPAL DEL CUSCO
082 _a869.401 /
_bR96
100 _aRusse, Jean
_98963
245 _aLa poesía :
_bTexto de literatura para el ciclo medio /
260 _aBolivia :
_bEditorial de la Universidad mayor autónoma Tomas Frias.
_c1979.
300 _a272 páginas ;
_c21 cm.
500 _aDonación familia Luis Nieto
505 _aContenido: Grecolatino -- Alemanes -- Austriacos -- Belgas -- Búlgaros -- Checoslovacos -- Daneses -- Españoles...
650 _aPoesía europea
_912150
650 _aGénesis
_916545
650 _aEvolución de la poesía
_916546
942 _2ddc
_cLIBROS
945 _adavv